000 01071cam a2200229Ii 4500
020 _a9781413319934 (pbk.)
020 _a1413319939 (pbk.)
022 0 _a2331-7027
040 _cQBX
082 0 4 _a345 NOL 2013 A114 Or.
082 1 4 _a345.73
100 1 _aBergman, Paul,
245 1 0 _aCriminal law :
_ba desk reference /
250 _a2nd edition.
300 _a401 pages ;
_c23 cm
520 _a"Unravels the mysteries of criminal law with a plain-English style that incorporates real-life examples, famous films and entertaining hypotheticals. Arranged from A to Z, this desk reference explains criminal law, from abuse excuse to writ of habias corpus"--Provided by publisher.
650 0 _aCriminal law
650 0 _aCriminal procedure
650 0 _aCriminal justice, Administration of
856 4 0 _uhttp://web.a.ebscohost.com.lib.pepperdine.edu/lirc/results?sid=2462fce2-c405-4e00-85ab-253c0acc0038%40sessionmgr4001&vid=32&hid=4114&bquery=JN+%22Criminal+Law%3a+Desk+Reference%22+AND+DT+20131201&bdata=JnR5cGU9MCZzaXRlPWxpcmMtbGl2ZQ%3d%3d
942 _cAEDBB
999 _c17449
_d17449